Sociology (grade-XII) / (Record no. 118474)
[ view plain ]
| 000 -LEADER | |
|---|---|
| fixed length control field | 00536nam a2200193 4500 |
| 008 - FIXED-LENGTH DATA ELEMENTS--GENERAL INFORMATION | |
| fixed length control field | 241216b |||||||| |||| 00| 0 eng d |
| 020 ## - INTERNATIONAL STANDARD BOOK NUMBER | |
| International Standard Book Number | 978-9937-9133-3-1 |
| 041 ## - LANGUAGE CODE | |
| Language code of text/sound track or separate title | ENG |
| 082 ## - DEWEY DECIMAL CLASSIFICATION NUMBER | |
| Edition number | 23rd. |
| Classification number | 301 / A44s |
| 100 ## - MAIN ENTRY--PERSONAL NAME | |
| Personal name | Acharya, Bala Ram |
| 245 ## - TITLE STATEMENT | |
| Title | Sociology (grade-XII) / |
| Statement of responsibility, etc. | Bala Ram Acharya. |
| 260 ## - PUBLICATION, DISTRIBUTION, ETC. | |
| Place of publication, distribution, etc. | Kathmandu : |
| Name of publisher, distributor, etc. | National Book Center , |
| Date of publication, distribution, etc. | 2078BS. |
| 300 ## - PHYSICAL DESCRIPTION | |
| Extent | 232p. : ill. |
| 500 ## - GENERAL NOTE | |
| General note | Include appendix |
| 504 ## - BIBLIOGRAPHY, ETC. NOTE | |
| Bibliography, etc. note | Include bibliography |
| 650 ## - SUBJECT ADDED ENTRY--TOPICAL TERM | |
| Topical term or geographic name entry element | Sociology |
| 650 ## - SUBJECT ADDED ENTRY--TOPICAL TERM | |
| Topical term or geographic name entry element | Social Science |
| 942 ## - ADDED ENTRY ELEMENTS (KOHA) | |
| Source of classification or shelving scheme | Dewey Decimal Classification |
| Koha item type | ISBN |
| Withdrawn status | Lost status | Source of classification or shelving scheme | Damaged status | Not for loan | Home library | Current library | Date acquired | Total Checkouts | Full call number | Barcode | Date last seen | Price effective from | Koha item type |
|---|---|---|---|---|---|---|---|---|---|---|---|---|---|
| Dewey Decimal Classification | Tribhuvan University Central Library | Tribhuvan University Central Library | 12/16/2024 | 301 / A44s | IS27963 | 12/16/2024 | 12/16/2024 | ISBN | |||||
| Dewey Decimal Classification | Tribhuvan University Central Library | Tribhuvan University Central Library | 12/16/2024 | 301 / A44s | IS27964 | 12/16/2024 | 12/16/2024 | ISBN |
